Ľubomír Ferko. Tibetské sklo - Duch Himalájí [6. júl 2007 - 26. august 2007, Stará radnica, Bratislava

Bibliographic Details
Main Author: Ferko, Ľubomír, 1956- (Author)
Other Authors: Schrammová, Ágnes, 1950- (Curator)
Format: Book
Language:Slovak
French
English
PhysicalDescription:[48] s. fotogr. 33 cm
Published: Bratislava Spolok výtvarníkov Slovenska 2007
ISBN:9788088973294 (brož.)
Edition:[1. vyd.]
Subjects:

MARC

LEADER 00000nam a2200000 a 4500
001 vtls009277342
003 SK-MaSNL
005 20260331204815.0
008 080318s2007 xo oa g c 000 0bslo
015 |a SNBE2010/03-02071 
020 |a 9788088973294 (brož.) 
040 |a SNK  |b slo  |c SNK  |e AACR2 
041 0 |a slo  |a fre  |a eng 
043 |a e-xo--- 
044 |a xo  |c SK 
072 7 |a 74  |x Kresba. Umelecké remeslá  |2 konspekt 
080 |a 748.071.1  |2 2001 
080 |a 748  |2 2001 
080 |a (437.6)  |2 2001 
080 |a (083.824)  |2 2001 
100 1 |a Ferko, Ľubomír,  |d 1956-  |4 art  |9 8307 
245 1 0 |a Ľubomír Ferko. Tibetské sklo - Duch Himalájí  |b [6. júl 2007 - 26. august 2007, Stará radnica, Bratislava  |c koncepcia výstavy a katalógu: Ľubomír Ferko ; kurátorka výstavy: Ágnes Schrammová] 
246 1 1 |a Le Verre de Tibet - L'Esprit de l'Himalaya 
246 1 1 |a Tibet Glass - The Spirit of the Himalayas 
246 3 |a Tibetské sklo - Duch Himalájí 
250 |a [1. vyd.] 
260 |a Bratislava  |b Spolok výtvarníkov Slovenska  |c 2007 
300 |a [48] s.  |b fotogr.  |c 33 cm 
500 |a S finančnou podporou Spolku výtvarníkov Slovenska a ďalších 
504 |a Biogr. údaje. Prehľad výstav 
546 |a Súbež. tex franc., angl. 
600 1 7 |a Ferko, Ľubomír,  |d 1956-  |2 SNKMA  |9 8307 
648 7 |a 20.-21. stor.  |2 SNKPH  |9 270701 
650 0 7 |a sklárski výtvarníci  |2 SNKPH  |9 114048 
650 0 7 |a umelecké sklo  |2 SNKPH  |9 3106 
651 7 |a Slovensko  |2 SNKPH  |9 14231 
700 1 |a Ferko, Ľubomír,  |d 1956-  |4 aut  |9 8307 
700 1 |a Schrammová, Ágnes,  |d 1950-  |4 cur  |9 15296 
919 |a 978-80-88973-29-4 
999 |c 1000229  |d 1002159 
952 |a SNK  |b SNK  |y VYP  |7 0  |p 17A0583428  |o snkOSB 15031 D1  |i snk2008/6600  |8 0  |0 0  |1 0  |4 0  |d 2008-03-18  |l 0  |r 2026-02-24 12:17:12  |w 2026-02-24 
952 |a SNK  |b SNK  |y PREZ  |7 0  |p 17A0583429  |o snkOSB 15031  |i snk2008/6599  |8 0  |0 0  |1 0  |4 0  |d 2008-03-18  |l 0  |r 2026-02-24 12:17:12  |w 2026-02-24